| 000 | 00474nam a22001817a 4500 | ||
|---|---|---|---|
| 003 | NUST - PNEC | ||
| 005 | 20170116180928.0 | ||
| 008 | 150905b xxu||||| |||| 00| 0 eng d | ||
| 020 | _a969494127X | ||
| 020 | _a8120723570 | ||
| 040 | _cLIBRARY | ||
| 082 | _a89104391 KAN | ||
| 100 |
_98092 _aKanda, K. C. |
||
| 245 |
_aMasterpieces of humorous Urdu poetry _cK. C. Kanda |
||
| 260 | _cc.2002 | ||
| 650 |
_98095 _aHumorous poetry, Urdu _xGeneral books |
||
| 942 |
_2ddc _cBK |
||
| 999 |
_c65823 _d65823 |
||